[Event "AUTO-OPEN-2676"]
[Site "http://www.queenalice.com/game.php?id=1055798"]
[Date "2012.5.4"]
[Round "1"]
[White "marcomasao"]
[Black "Kisshu80"]
[Result "0-1"]
[WhiteElo "1564"]
[BlackElo "1973"]

1. e4 e5 2. Nf3 Nc6 3. c3 Nf6 4. d3 d5 5. Bd2 dxe4 6. dxe4 Nxe4 7. Qe2 f5 8. Na3
Bxa3 9. bxa3 O-O 10. Qc4+ Kh8 11. Rd1 Qf6 12. Be2 Be6 13. Qd3 Rad8 14. Qb5 Nd6
15. Bg5 Nxb5 16. Bxf6 Rxd1+ 17. Kxd1 Nxc3+ 18. Kd2 Nxe2 19. Bxg7+ Kxg7 20. Kxe2
Bxa2 21. Rd1 Kf6 22. Rd7 Rf7 23. Rd2 Bc4+ 24. Ke1 e4 25. Nh4 Kg5 26. g3 Kg4 27.
Rc2 Bd3 28. Rc5 h5 29. Ng2 Nd4 30. Ne3+ Kg5 31. h4+ Kg6 32. a4 Nf3+ 33. Kd1 b6
34. Rc6+ Kg7 35. Nd5 Rd7 36. Nxc7 Bb5+ 37. Kc2 Bxc6 38. Ne6+ Kf6 39. Nf4 Bxa4+
40. Kb2 Rd2+ 41. Ka3 Be8 42. Kb3 Rxf2 43. Kc3 Nxh4 44. Nd5+ Ke5 45. gxh4 Kxd5
46. Kb3 e3 47. Kc3 e2 48. Kd2 a5 49. Ke1 Rh2 50. Kd2 a4 51. Ke1 a3 52. Kd2 a2
53. Ke1 a1=Q+ 54. Kd2 e1=Q+ 55. Kd3 Bb5# 0-1

[Event "AUTO-OPEN-2676"]
[Site "http://www.queenalice.com/game.php?id=1055799"]
[Date "2012.5.4"]
[Round "1"]
[White "Kisshu80"]
[Black "marcomasao"]
[Result "1-0"]
[WhiteElo "1825"]
[BlackElo "1535"]

1. e4 e5 2. Nf3 Bd6 3. d4 Qf6 4. Bg5 Qg6 5. Nc3 Nc6 6. dxe5 Nxe5 7. Qd2 h6 8.
Be3 Qxe4 9. Nxe4 Nc4 10. Bxc4 Nf6 11. Nxd6+ cxd6 12. O-O-O Ne4 13. Qd5 Ng5 14.
Nxg5 hxg5 15. Rhe1 Kd8 16. Qxd6 Rh6 17. Bxg5+ f6 18. Bxh6 gxh6 19. Bf7 b6 20.
Re8# 1-0

[Event "AUTO-OPEN-2676"]
[Site "http://www.queenalice.com/game.php?id=1055824"]
[Date "2012.5.4"]
[Round "1"]
[White "Kisshu80"]
[Black "LUKK22"]
[Result "0-1"]
[WhiteElo "1867"]
[BlackElo "2547"]

1. e4 g6 2. d4 Bg7 3. Nc3 d6 4. f4 Nf6 5. Nf3 O-O 6. Bd3 Nc6 7. O-O Bg4 8. e5
Bxf3 9. Rxf3 dxe5 10. dxe5 Ng4 11. h3 Qd4+ 12. Kh1 Nf2+ 0-1

[Event "AUTO-OPEN-2676"]
[Site "http://www.queenalice.com/game.php?id=1055825"]
[Date "2012.5.4"]
[Round "1"]
[White "LUKK22"]
[Black "Kisshu80"]
[Result "1-0"]
[WhiteElo "2559"]
[BlackElo "1975"]

1. g4 d5 2. Bg2 c6 3. g5 e5 4. d4 e4 5. c4 Bb4+ 6. Nc3 Bxc3+ 7. bxc3 Ne7 8. f3
exf3 9. Nxf3 dxc4 10. O-O Nd5 11. a4 Nxc3 12. Qc2 Qa5 13. Ne5 Be6 14. Bb2 Nd5
15. Nxc4 Qc7 16. Ba3 b5 17. axb5 cxb5 18. Nd6+ Kd8 19. Qb3 Ne7 20. Nxf7+ 1-0

[Event "AUTO-OPEN-2676"]
[Site "http://www.queenalice.com/game.php?id=1055826"]
[Date "2012.5.4"]
[Round "1"]
[White "Kisshu80"]
[Black "shubhankar"]
[Result "1-0"]
[WhiteElo "1973"]
[BlackElo "1205"]

1. e4 e5 2. Nf3 Nc6 3. Bb5 d6 4. d4 Bd7 5. c4 a6 6. Bxc6 Bxc6 7. d5 Bd7 8. Nc3
Nf6 9. O-O h6 10. Qb3 Rb8 11. Be3 Be7 12. Rfc1 O-O 13. Qc2 1-0

[Event "AUTO-OPEN-2676"]
[Site "http://www.queenalice.com/game.php?id=1055827"]
[Date "2012.5.4"]
[Round "1"]
[White "shubhankar"]
[Black "Kisshu80"]
[Result "0-1"]
[WhiteElo "1207"]
[BlackElo "1971"]

1. e4 e5 2. Nf3 Nc6 3. d4 exd4 4. Nxd4 Bc5 5. Be3 Qf6 6. c3 Nge7 7. Qh5 Bxd4 8.
Bxd4 Nxd4 9. cxd4 Qxd4 10. Nc3 Ng6 0-1

[Event "AUTO-ADV-2496"]
[Site "http://www.queenalice.com/game.php?id=1057251"]
[Date "2012.5.7"]
[Round "1"]
[White "Kisshu80"]
[Black "Spessatto"]
[Result "1-0"]
[WhiteElo "1920"]
[BlackElo "1925"]

1. e4 e5 2. Nf3 Nc6 3. Bb5 Nge7 4. Nc3 a6 5. Ba4 b5 6. Bb3 Ng6 7. d4 exd4 8.
Nxd4 Bc5 9. Nxc6 Qf6 10. O-O Qxc6 11. Qf3 Ne5 12. Qg3 Qf6 13. Nd5 Qd6 14. Qxg7
Rf8 15. Nf6+ Ke7 16. Bh6 Bb7 17. Bg5 Kd8 18. Nxh7+ 1-0

[Event "AUTO-ADV-2496"]
[Site "http://www.queenalice.com/game.php?id=1057252"]
[Date "2012.5.7"]
[Round "1"]
[White "Spessatto"]
[Black "Kisshu80"]
[Result "0-1"]
[WhiteElo "1935"]
[BlackElo "1956"]

1. d4 Nf6 2. h3 d5 3. Nf3 Bf5 4. e3 e6 5. c3 Bd6 6. Bd3 Bg6 7. Nbd2 Bxd3 8. Ne5
Bg6 9. Ndf3 Bxe5 10. Nxe5 O-O 11. O-O Nbd7 12. Ng4 Nxg4 13. Qxg4 Nf6 14. Qg3 Ne4
15. Qf3 Qg5 16. Qe2 Bf5 17. f4 Ng3 18. Qd2 Nxf1 19. Kxf1 Qg3 20. Qf2 Qxf2+ 0-1

[Event "AUTO-ADV-2496"]
[Site "http://www.queenalice.com/game.php?id=1057253"]
[Date "2012.5.7"]
[Round "1"]
[White "Kisshu80"]
[Black "josebaron"]
[Result "1-0"]
[WhiteElo "1942"]
[BlackElo "1876"]

1. e4 e5 2. Nf3 Nc6 3. Bb5 d6 4. d4 exd4 5. Qxd4 Bd7 6. Bxc6 Bxc6 7. Nc3 Ne7 8.
Bh6 f6 9. Be3 Ng6 10. O-O-O Be7 11. g3 O-O 12. h4 h6 13. h5 Ne5 14. Nxe5 dxe5
15. Qc4+ Kh8 16. Rxd8 Raxd8 17. Bxa7 Ra8 18. Be3 Rfd8 19. f4 Bd6 20. f5 Bf8 21.
Bc5 Bxc5 22. Qxc5 Rd7 23. Qe3 Rd6 24. Rd1 Rxd1+ 25. Kxd1 Rd8+ 26. Kc1 Rd4 27. b3
Kh7 28. a4 b6 29. Kb2 Rb4 30. Ka3 Rd4 31. b4 Kh8 32. b5 Bb7 33. Nd5 Bxd5 34.
exd5 Rxd5 35. c4 Rd4 36. Kb4 Kh7 37. Qb3 Rg4 38. a5 bxa5+ 39. Kxa5 Rd4 40. c5
1-0

[Event "AUTO-ADV-2496"]
[Site "http://www.queenalice.com/game.php?id=1057254"]
[Date "2012.5.7"]
[Round "1"]
[White "josebaron"]
[Black "Kisshu80"]
[Result "0-1"]
[WhiteElo "1888"]
[BlackElo "1973"]

1. e4 e5 2. Nf3 Nc6 3. Bc4 Bc5 4. O-O d6 5. h3 Be6 6. Bxe6 fxe6 7. d3 Nf6 8. Bg5
O-O 9. Nc3 Qe8 10. Nb5 Bb6 11. Be3 Rc8 12. Bxb6 axb6 13. c4 Ne7 14. a4 Ng6 15.
g3 Ne7 16. b3 Qh5 17. Kg2 Nd7 18. Na7 Ra8 19. Nb5 Rfc8 20. Qd2 Nc5 21. Rab1 Rf8
22. g4 Qf7 23. Qe2 Ng6 24. Qe3 Nf4+ 25. Kg3 Nfxd3 26. Ne1 Nf4 27. f3 Qe7 28. Nc3
Ng6 29. Ng2 Rf4 30. h4 h5 31. Ne2 hxg4 32. Nexf4 exf4+ 33. Nxf4 Qxh4+ 34. Kg2
Nxf4+ 35. Qxf4 Qh3+ 36. Kg1 g3 37. Rf2 gxf2+ 38. Kxf2 Nd3+ 0-1

[Event "AUTO-ADV-2496"]
[Site "http://www.queenalice.com/game.php?id=1057255"]
[Date "2012.5.7"]
[Round "1"]
[White "Kisshu80"]
[Black "Mannu"]
[Result "0-1"]
[WhiteElo "1918"]
[BlackElo "2097"]

1. e4 e6 2. d4 d5 3. Nc3 Nf6 4. Bg5 Be7 5. Bxf6 Bxf6 6. e5 Be7 7. Qg4 Bg5 8. Nf3
Bh6 9. Bd3 O-O 10. h4 f5 11. Qh3 Nc6 12. Ne2 Nb4 13. a3 Nxd3+ 14. cxd3 Qe8 15.
a4 Bd7 16. b3 a5 17. O-O b5 18. axb5 Bxb5 19. Rfd1 Qc6 20. Ne1 a4 21. b4 a3 22.
Ra2 Ra4 23. Nc2 Rfa8 24. g3 g6 25. f4 Bf8 26. Rc1 Bxd3 27. Ne1 Bc4 0-1

[Event "AUTO-ADV-2496"]
[Site "http://www.queenalice.com/game.php?id=1057256"]
[Date "2012.5.7"]
[Round "1"]
[White "Mannu"]
[Black "Kisshu80"]
[Result "1-0"]
[WhiteElo "2024"]
[BlackElo "1988"]

1. e4 e5 2. Bc4 Nf6 3. d3 Bc5 4. Bg5 O-O 5. Nf3 d6 6. O-O Be6 7. Bxe6 fxe6 8. c3
Nbd7 9. Nbd2 a6 10. Qb3 Qe7 11. Qxb7 Nb6 12. b4 Rfb8 13. Qc6 Bxf2+ 14. Rxf2 Rf8
15. Nc4 Nxc4 16. Qxc4 h6 17. Bxf6 Rxf6 18. Raf1 g5 19. d4 exd4 20. Nxd4 Rxf2 21.
Rxf2 d5 22. exd5 1-0

[Event "magalhaes_br"]
[Site "http://www.queenalice.com/game.php?id=1069557"]
[Date "2012.6.8"]
[Round "2"]
[White "Kisshu80"]
[Black "GuilhermeCXI"]
[Result "1-0"]
[WhiteElo "1986"]
[BlackElo "1628"]

1. e4 e5 2. Nf3 Nc6 3. Bb5 Bc5 4. c3 d6 5. b4 Bb6 6. a4 a6 7. Bxc6+ bxc6 8. a5
Ba7 9. d4 exd4 10. cxd4 Nf6 11. Qc2 Bb7 12. O-O O-O 13. Bg5 Qe7 14. e5 dxe5 15.
dxe5 Qxb4 16. exf6 gxf6 17. Bxf6 c5 18. Ra4 Qb5 19. Rg4# 1-0

[Event "AUTO-MASTER-1692"]
[Site "http://www.queenalice.com/game.php?id=1081247"]
[Date "2012.7.10"]
[Round "1"]
[White "Kisshu80"]
[Black "yamato"]
[Result "0-1"]
[WhiteElo "1904"]
[BlackElo "2217"]

1. e4 c5 2. Nf3 d6 3. Bb5+ Nc6 4. O-O Bd7 5. c3 a6 6. Ba4 b5 7. Bc2 e5 8. d4 Nf6
9. d5 Ne7 10. a4 Ng6 11. a5 Be7 12. b4 c4 13. Be3 O-O 14. Bb6 Qc8 15. Qe2 Bg4
16. Nbd2 Nd7 17. Qe3 Bxf3 18. Nxf3 Qb7 19. g3 Nxb6 20. axb6 Bd8 21. h4 Qxb6 0-1

[Event "AUTO-MASTER-1692"]
[Site "http://www.queenalice.com/game.php?id=1081248"]
[Date "2012.7.10"]
[Round "1"]
[White "yamato"]
[Black "Kisshu80"]
[Result "1-0"]
[WhiteElo "2214"]
[BlackElo "1909"]

1. Nf3 Nf6 2. c4 g6 3. Nc3 Bg7 4. e4 d6 5. d4 O-O 6. Be2 e5 7. O-O exd4 8. Nxd4
Re8 9. f3 c6 10. Kh1 Nh5 11. g4 Nf6 12. Bf4 Be6 13. Nxe6 Rxe6 14. Qd2 Qe7 15.
Rad1 Ne8 16. Rfe1 Nd7 17. Bf1 Rf6 18. Bg5 h6 19. Bxf6 Qxf6 20. Kg2 1-0

[Event "AUTO-MASTER-1692"]
[Site "http://www.queenalice.com/game.php?id=1081249"]
[Date "2012.7.10"]
[Round "1"]
[White "Kisshu80"]
[Black "vivafischer"]
[Result "1-0"]
[WhiteElo "1950"]
[BlackElo "1812"]

1. e4 e6 2. d4 d5 3. Nc3 Nf6 4. Bg5 Bb4 5. e5 h6 6. Be3 Ne4 7. Ne2 c5 8. dxc5
Nc6 9. a3 Bxc3+ 10. bxc3 Qa5 11. Bd4 Nxc5 12. Bxc5 Qxc5 13. Qd2 Nxe5 14. Nd4 Bd7
15. Bd3 Rc8 16. O-O Qxc3 17. Qxc3 Rxc3 18. a4 Nxd3 19. cxd3 Ke7 20. Rfd1 1-0

[Event "AUTO-MASTER-1692"]
[Site "http://www.queenalice.com/game.php?id=1081250"]
[Date "2012.7.10"]
[Round "1"]
[White "vivafischer"]
[Black "Kisshu80"]
[Result "0-1"]
[WhiteElo "1802"]
[BlackElo "1960"]

1. e4 e5 2. Nf3 Nc6 3. Bb5 a6 4. Ba4 b5 5. Bb3 Bc5 6. c3 d6 7. d3 Nf6 8. Bg5 O-O
9. O-O Kh8 10. Qe2 h6 11. Bxf6 gxf6 12. Nbd2 Qd7 13. Kh1 Rg8 14. Bd5 Qg4 15. Rg1
Qd7 16. d4 exd4 17. cxd4 Bxd4 0-1

[Event "AUTO-MASTER-1692"]
[Site "http://www.queenalice.com/game.php?id=1081251"]
[Date "2012.7.10"]
[Round "1"]
[White "Kisshu80"]
[Black "docb"]
[Result "0-1"]
[WhiteElo "1955"]
[BlackElo "2041"]

1. e4 Nc6 2. d4 d5 3. Nc3 dxe4 4. d5 Ne5 5. Nxe4 Bf5 6. Ng3 Bg6 7. Be3 Nf6 8.
Bb5+ c6 9. dxc6 bxc6 10. Qxd8+ Rxd8 11. Ba4 Rc8 12. O-O-O e6 13. h4 h5 14. Nh3
Be7 15. b3 O-O 16. Bxa7 Nfg4 17. Ng5 c5 0-1

[Event "AUTO-MASTER-1692"]
[Site "http://www.queenalice.com/game.php?id=1081252"]
[Date "2012.7.10"]
[Round "1"]
[White "docb"]
[Black "Kisshu80"]
[Result "1-0"]
[WhiteElo "2006"]
[BlackElo "1970"]

1. e4 e5 2. Nf3 Nc6 3. d4 exd4 4. Nxd4 Bc5 5. Be3 Qf6 6. c3 Nge7 7. Bc4 d6 8.
O-O h5 9. a3 Bg4 10. Qd2 Bxd4 11. cxd4 h4 12. h3 Bxh3 13. gxh3 Qg6+ 14. Kh2 Qxe4
15. Nc3 1-0